Cash Cash Charting Songs (Billboard Hot Dance) - Statistics

General Stats
  • This quiz has been taken 17 times
    3 since last reset
  • The average score is 10 of 19
Answer Stats
Album Weeks On Peak Artist(s) Song % Correct
Blood, Sweat & 3 Years 20 Weeks #22 Cash Cash & Digital Farm Animals ft. Nelly Millionaire
100%
Overtime and Blood, Sweat & 3 Years 38 Weeks #6 Cash Cash ft. Bebe Rexha Take Me Home
100%
Blood, Sweat & 3 Years 20 Weeks #28 Cash Cash ft. Busta Rhymes, B.o.B & Neon Hitch Devil
67%
Blood, Sweat & 3 Years 20 Weeks #16 Cash Cash ft. Sofia Reyes How to Love
67%
Blood, Sweat & 3 Years 10 Weeks #39 Cash Cash ft. John Rzeznik Lightning
67%
Overtime EP 8 Weeks #39 Cash Cash Overtime
67%
Blood, Sweat & 3 Years 24 Weeks #19 Cash Cash Surrender
67%
Say It Like You Feel It 17 Weeks #14 Cash Cash ft. Wiz Khalifa & Lukas Graham Too Late
67%
Non-Album Single 10 Weeks #27 Tritonal & Cash Cash Untouchable
67%
Say It Like You Feel It 1 Week #41 Cash Cash 42
33%
Say It Like You Feel It 20 Weeks #23 Cash Cash ft. Conor Maynard All My Love
33%
Blood, Sweat & 3 Years 1 Week #44 Cash Cash ft. Fitz Broken Drum
33%
Say It Like You Feel It 24 Weeks #14 Cash Cash ft. Abir Finest Hour
33%
Say It Like You Feel It 3 Weeks #36 Cash Cash ft. Laura White Gasoline
33%
Say It Like You Feel It 1 Week #35 Cash Cash ft. Nikki Vianna Jewel
33%
Say It Like You Feel It 1 Week #45 Cash Cash ft. Georgia Ku Love You Now
33%
Say It Like You Feel It 7 Weeks #38 Cash Cash x ROZES Matches
33%
Say It Like You Feel It 2 Weeks #29 Cash Cash ft. Phoebe Ryan Ride or Die
33%
Non-Album Single 20 Weeks #32 Cash Cash & Taylor Dayne Tell It To My Heart
33%
No matching quizzes found
Score Distribution
Percent of People with Each Score
Percentile by Number Answered
Your Score History
You have not taken this quiz since the last reset